[Event "Foment Martinenc op-B 20th"]
[Site "Barcelona"]
[Date "2018.04.28"]
[Round "2"]
[White "Esteban Bruguera, German"]
[Black "Gomez Sanchez, Javier"]
[Result "1-0"]
[WhiteElo "1752"]
[BlackElo "1383"]
[PlyCount "71"]
[EventDate "2018.04.21"]
[EventType "swiss"]
[EventRounds "9"]
[EventCountry "ESP"]
[SourceTitle "CBM 184 Extra"]
[Source "ChessBase"]
[SourceDate "2018.06.28"]
[SourceVersion "1"]
[SourceVersionDate "2018.06.28"]
[SourceQuality "1"]

1. e4 c6 2. Nc3 d5 3. d4 dxe4 4. Nxe4 Bf5 5. Ng3 Bg6 6. Nf3 e6 7. h4 h6 8. Ne5 Bh7 9. Bc4 Nf6 10. Qe2 Qc7 11. 0-0 Bd6 12. Re1 Bxe5 13. dxe5 Nd5 14. Nh5 Rg8 15. Bd3 Bxd3 16. Qxd3 Nd7 17. c4 Nb4 18. Qc3 c5 19. Bf4 g5 20. Bg3 0-0-0 21. a3 Nc6 22. Nf6 Rg7 23. h5 g4 24. b4 Rg5 25. Ne4 Rxh5 26. Nd6+ Kb8 27. Nxf7 Rf8 28. Nd6 Qd8 29. bxc5 Nxc5 30. Rab1 a6 31. Qe3 Qa5 32. Re2 Rd8 33. Reb2 Rxd6 34. exd6 e5 35. Qd2 Qd8 36. Qd5 1-0

[Event "Foment Martinenc op-B 16th"]
[Site "Barcelona"]
[Date "2014.05.03"]
[Round "2"]
[White "Perez Garcia, Adria"]
[Black "Esteban Bruguera, German"]
[Result "1/2-1/2"]
[WhiteElo "1979"]
[BlackElo "1959"]
[PlyCount "51"]
[EventDate "2014.04.26"]
[EventType "swiss"]
[EventRounds "9"]
[EventCountry "ESP"]
[SourceTitle "EXT 2015"]
[Source "ChessBase"]
[SourceDate "2014.11.20"]
[SourceVersion "1"]
[SourceVersionDate "2014.11.20"]
[SourceQuality "1"]

1. e4 e6 2. d4 d5 3. Nc3 Nf6 4. Bg5 Be7 5. e5 Nfd7 6. Bxe7 Qxe7 7. f4 a6 8. Qg4 0-0 9. Nf3 f5 10. Qh3 c5 11. Bd3 cxd4 12. Nxd4 Nc5 13. g4 Nxd3+ 14. cxd3 Qb4 15. Qe3 Nc6 16. Nxc6 bxc6 17. Qd2 Rb8 18. g5 Qxb2 19. Qxb2 Rxb2 20. 0-0 Bd7 21. Na4 Rb5 22. Rfc1 Rfb8 23. Nc5 Bc8 24. Nb3 Bd7 25. Nc5 Bc8 26. Nb3 1/2-1/2

[Event "Foment Martinenc op-B 16th"]
[Site "Barcelona"]
[Date "2014.04.26"]
[Round "1"]
[White "Esteban Bruguera, German"]
[Black "Lopez Mayoral, Miguel Angel"]
[Result "1/2-1/2"]
[WhiteElo "1959"]
[BlackElo "1816"]
[PlyCount "48"]
[EventDate "2014.04.26"]
[EventType "swiss"]
[EventRounds "9"]
[EventCountry "ESP"]
[SourceTitle "EXT 2015"]
[Source "ChessBase"]
[SourceDate "2014.11.20"]
[SourceVersion "1"]
[SourceVersionDate "2014.11.20"]
[SourceQuality "1"]

1. e4 e5 2. Nf3 Nc6 3. Bb5 Nf6 4. Qe2 d6 5. c3 a6 6. Ba4 Be7 7. h3 Bd7 8. d3 0-0 9. Nbd2 b5 10. Bc2 Na7 11. 0-0 c5 12. Re1 Nc6 13. Nf1 Re8 14. Ng3 b4 15. Be3 Qa5 16. Bd2 Rab8 17. Bb3 Qb6 18. Ng5 Nd8 19. Nh5 Nxh5 20. Qxh5 Bxg5 21. Bxg5 Ne6 22. Re3 Nxg5 23. Qxg5 Qd8 24. Qh5 Be6 1/2-1/2

[Event "Barcelona Sant Marti op-B 15th"]
[Site "Barcelona"]
[Date "2013.07.21"]
[Round "9"]
[White "Esteban Bruguera, German"]
[Black "Pujal Moncho, Joaquim"]
[Result "1/2-1/2"]
[WhiteElo "1896"]
[BlackElo "1768"]
[PlyCount "71"]
[EventDate "2013.07.13"]
[EventType "swiss"]
[EventRounds "9"]
[EventCountry "ESP"]
[SourceTitle "CBM 155 Extra"]
[Source "ChessBase"]
[SourceDate "2013.08.26"]
[SourceVersion "1"]
[SourceVersionDate "2013.08.26"]
[SourceQuality "1"]

1. e4 d5 2. exd5 Qxd5 3. Nc3 Qa5 4. Nf3 Bg4 5. Be2 Nf6 6. 0-0 e6 7. h3 Bxf3 8. Bxf3 c6 9. d4 Bd6 10. Ne4 Nxe4 11. Bxe4 Nd7 12. c4 Nf6 13. Bf3 0-0 14. Re1 Rfe8 15. c5 Be7 16. Bf4 Nd5 17. Bxd5 exd5 18. Be5 Qd8 19. Qf3 Bf8 20. Re3 Qd7 21. Rae1 Re6 22. Bf4 Rae8 23. Rxe6 Rxe6 24. Rxe6 Qxe6 25. Qe3 Qxe3 26. Bxe3 b6 27. b4 b5 28. Kf1 f6 29. Ke2 Kf7 30. Kf3 Ke6 31. Bf4 f5 32. h4 h5 33. g3 Be7 34. Bg5 Bf8 35. Ke3 g6 36. f4 1/2-1/2